Southville International School and Colleges
Your cart is empty.
  • Cart
  • Lists
    Public lists Eva Luna New books Lux_list list_1
    Your lists Log in to create your own lists
  • Log in to your account
  • Your cookies
  • Search history
Southville International School and Colleges
  • Advanced search
  • Recent comments
  • Most popular
  • Libraries

Log in to your account

Log in with GOOGLE


If you do not have an external account, but do have a local account, you can still log in:

  1. Home
  2. MARC view: Sale distribution and management /
Normal view MARC view ISBD view

Sale distribution and management / (Record no. 24697)

[ view plain ]
MARC details
000 -LEADER
fixed length control field 00590nam a2200205 a 4500
005 - DATE AND TIME OF LATEST TRANSACTION
control field 20140310183535.0
008 - FIXED-LENGTH DATA ELEMENTS--GENERAL INFORMATION
fixed length control field 110822s19uu xx 00 eng d
020 ## - INTERNATIONAL STANDARD BOOK NUMBER
International Standard Book Number 978-81-907611-2-3
050 ## - LIBRARY OF CONGRESS CALL NUMBER
Classification number HF 5438.4
Item number .K96 2009
100 ## - MAIN ENTRY--PERSONAL NAME
Personal name Kumar, Sandeep.
245 ## - TITLE STATEMENT
Title Sale distribution and management /
Statement of responsibility, etc Sandeep Kumar; Rajeshwar Nath; Sweta Bakhi.
260 ## - PUBLICATION, DISTRIBUTION, ETC. (IMPRINT)
Place of publication, distribution, etc India :
Name of publisher, distributor, etc A.K. Publications,
Date of publication, distribution, etc 2009.
300 ## - PHYSICAL DESCRIPTION
Extent 245 p. :
Dimensions 18 cm.
521 ## - TARGET AUDIENCE NOTE
Target audience note
650 ## - SUBJECT ADDED ENTRY--TOPICAL TERM
Topical term or geographic name as entry element Sales
General subdivision Management
700 ## - ADDED ENTRY--PERSONAL NAME
Personal name Nath, Rajeshwar
700 ## - ADDED ENTRY--PERSONAL NAME
Personal name Bakshi, Sweta
942 ## - ADDED ENTRY ELEMENTS (KOHA)
Koha item type Books
Source of classification or shelving scheme Library of Congress Classification
Call number prefix Foreign
Holdings
Withdrawn status Lost status Source of classification or shelving scheme Damaged status Home library Current library Shelving location Date acquired Source of acquisition Total Checkouts Full call number Barcode Date last seen Copy number Price effective from Koha item type
    Library of Congress Classification   College Library College Library General Circulation Section 08/22/2011 Donation   HF 5438.4 .K96 2009 C13095 05/15/2018 1 03/10/2014 Books

Sale distribution and management /

APA

Kumar S., Nath R. & Bakshi S. (2009). Sale distribution and management. India: A.K. Publications.

Chicago

Kumar Sandeep, Nath Rajeshwar and Bakshi Sweta. 2009. Sale distribution and management. India: A.K. Publications.

Harvard

Kumar S., Nath R. and Bakshi S. (2009). Sale distribution and management. India: A.K. Publications.

MLA

Kumar Sandeep, Nath Rajeshwar and Bakshi Sweta. Sale distribution and management. India: A.K. Publications. 2009.

  • Place hold
  • Print
  • Cite
  • Add to your cart (remove)
  • Save record
    BIBTEX Dublin Core MARCXML MARC (non-Unicode/MARC-8) MARC (Unicode/UTF-8) MARC (Unicode/UTF-8, Standard) MODS (XML) RIS
  • More searches
    Search for this title in:
    Other Libraries (WorldCat) Other Databases (Google Scholar) Online Stores (Bookfinder.com) Open Library (openlibrary.org)

Exporting to Dublin Core...

SOUTHVILLE LIBRARY

Southville International School and Colleges Library

1281 Tropical Ave. Cor. Luxembourg St., BF Homes International, Las Pinas City

Tel. No. 8256374 / 252358 Loc. 117/146

Powered by Koha